Library of the University of Algiers 3
Ibrahim Sultan Cheibout
شعار جامعة الجزائر 3
مكتبة جامعة الجزائر 3
إبراهيم سلطان شيبوط

الإدارة الإستراتيجية الحديثة / (رقم التسجيلة. 46319)

تفاصيل مارك
000 -LEADER
fixed length control field 01233nam a2200217Ia 4500
003 - CONTROL NUMBER IDENTIFIER
control field Ost
005 - DATE AND TIME OF LATEST TRANSACTION
control field 20260507075803.0
008 - FIXED-LENGTH DATA ELEMENTS--GENERAL INFORMATION
fixed length control field 260507s9999||||xx |||||||||||||| ||und||
020 ## - INTERNATIONAL STANDARD BOOK NUMBER
International Standard Book Number 9789947264843
040 ## - CATALOGING SOURCE
Transcribing agency fsecg
041 ## - LANGUAGE CODE
Language code of text/sound track or separate title ara
082 ## - DEWEY DECIMAL CLASSIFICATION NUMBER
Classification number 658
100 ## - MAIN ENTRY--PERSONAL NAME
Personal name حيرش، عيسى
Relator term مؤلف
245 #0 - TITLE STATEMENT
Title الإدارة الإستراتيجية الحديثة /
Statement of responsibility, etc. عيسى حيرش
260 ## - PUBLICATION, DISTRIBUTION, ETC.
Place of publication, distribution, etc. الجزائر :
Name of publisher, distributor, etc. دار الهدى للطباعة والنشر والتوزيع,
Date of publication, distribution, etc. 2012
300 ## - PHYSICAL DESCRIPTION
Extent 382 صفحة؛
Other physical details إيضاحات ؛
Dimensions 24 سم
520 ## - SUMMARY, ETC.
Summary, etc. يضم مدخل لإلى الاستراتيجية، التجزئة الاستراتيجية، رسالة ورؤية المنظمة، التحليل الخارجي، التحليل الداخلي، تحليل أصحاب المصالح، الأدوات والنماذج الاستراتيجية، استراتيجية الأعمال، استراتيجية المؤسسة، نمو وتطور المؤسسة، التحليل الخارجي، أدوات استراتيجية المحيط الأزرق، إعداد استراتيجية المحيط الأزرق.
653 ## - INDEX TERM--UNCONTROLLED
Uncontrolled term إدارة الأعمال
653 ## - INDEX TERM--UNCONTROLLED
Uncontrolled term الإستراتيجية
942 ## - ADDED ENTRY ELEMENTS (KOHA)
Koha item type كتب
المقتنيات
Withdrawn status Lost status Source of classification or shelving scheme Damaged status Not for loan Home library Current library Date acquired Serial enumeration / chronology Inventory number Total checkouts Full call number Barcode Date last seen Price effective from Koha item type
    Library of Congress Classification   NOT LOAN / إعارة داخلية مكتبة كلية العلوم الإقتصادية والعلوم التجارية وعلوم التسيير مكتبة كلية العلوم الإقتصادية والعلوم التجارية وعلوم التسيير 07/05/2026 الطابق الأرضي 025.21/582   521/025.21ن01 025.21/582 07/05/2026 07/05/2026 كتب

موارد الويب المفتوحة


© University of Algiers 3 All Rights Reserved
|
Implemented by LECHELAH Riad